000 01342nam a22003494i 4500
999 _c64220
_d64220
001 17542804
003 CO-MdFUSB
005 20190202100413.0
008 121128t20131967enk g b 000 0 eng
010 _a 2012462448
020 _a9781107604728 (pbk.)
040 _aDLC
_bspa
_cCO-MdFUSB
_erda
_dCO-MdFUSB
041 _aeng
042 _apcc
082 _224
_aG 801.95
_bL673e
100 1 _aLewis, C. S.
_d1898-1963.
_eautor
242 0 3 _aUn experimento de crítica
_lInglés
245 0 3 _aAn experiment in criticism
_c/ C.S. Lewis.
264 1 _aCambridge :
_bCambridge University Press,
_c℗[2012]
264 4 _c©1961
300 _a142 páginas ;
_c22 cm
_b:
336 _2rdacontent
_atexto
_btxt
337 _2rdamedia
_asin mediación
_bn
338 _2rdacarrier
_avolumen
_bnc
505 _aLos pocos y los muchos -- Caracterizaciones falsas -- Cómo pocos y muchos usan imágenes y música -- La lectura de lo no literario -- Sobre el mito -- Los significados de la fantasía -- Sobre los realismos -- Sobre la lectura incorrecta de lo literario -- Encuesta -- Poesía -- El experimento
650 7 _aCrítica textual
_2
_9482
906 _a7
_bcbc
_corignew
_d2
_encip
_f20
_gy-gencatlg
942 _cBK